| 000 | 00590cam a2200205 4500 | ||
|---|---|---|---|
| 001 | 1341 | ||
| 003 | OCoLC | ||
| 005 | 20181127163128.0 | ||
| 008 | 910501s1992 nyua 000 1 eng | ||
| 010 | _a91050416 //r922 | ||
| 020 | _a044651652X | ||
| 043 | _an-us-ia | ||
| 100 | 1 |
_aWaller, Robert James, _d1939- |
|
| 245 | 1 | 4 |
_aThe bridges of Madison County / _cRobert J. Waller. |
| 260 |
_aNew York, NY : _bWarner Books, _cc1992. |
||
| 300 |
_axii, 171 p. : _bill. ; _c20 cm. |
||
| 650 | 0 |
_aBridges _zIowa _xFiction. |
|
| 650 | 0 |
_aPhotographers _xFiction. |
|
| 651 | 0 |
_aMadison County (Iowa) _xFiction. |
|
| 999 |
_c974 _d974 |
||